Martens, Jürgen. Die ländliche Gartensiedlung im mittelalterlichen Preußen. - Lüneburg : Verl. Nordostdt. Kulturwerk. - 1997 [Rezension]

Titel: Martens, Jürgen. Die ländliche Gartensiedlung im mittelalterlichen Preußen. - Lüneburg : Verl. Nordostdt. Kulturwerk. - 1997 [Rezension]
Verfasser:
In: Beiträge zur Geschichte Westpreußens, Band 16 (1999), Seite 276-278
alle Artikel anzeigen
Veröffentlicht: 1999
Format: Aufsatz
Sprache: Deutsch
Kein Bild verfügbar
X
alg: 39512404
001A    $01999:12-11-16 
001B    $01999:04-08-21 $t21:05:36.000 
001D    $01999:12-11-16 
001U    $0utf8 
001X    $00 
002@    $0Aox 
003@    $0395124042 
007A    $0395124042 $aHEB 
007T    $0Herd25040 
010@    $ager 
011@    $a1999 
021A    $aMartens, Jürgen. Die @ländliche Gartensiedlung im mittelalterlichen Preußen. - Lüneburg : Verl. Nordostdt. Kulturwerk. -  1997 [Rezension] 
028A    $aKaim-Bartels $dAstrid 
031A    $d16 $h276-278 $j1999 
039B    $aIn $8--Abvc--. Beiträge zur Geschichte Westpreußens. - Münster, Westf. : Nicolaus-Copernicus-Verl., 1967-2008. - ISSN 0341-9436 $x199900000160000724 $9046826319 
039T    $8--Aau--Martens, Jürgen [Tnd]. Die @ländliche Gartensiedlung im mittelalterlichen Preußen. - Lüneburg : Verl. Nordostdt. Kulturwerk, 1997. - IX, 430 S.. - Ill.. - ISBN 3-922296-93-9 $9056134355 
045F    $a900.94382 $eDDC23BSB 
045F/01 $a900 
045F/03 $g4382 
045F/03 $g43832 
045T    $a8,1 

lok: 39512404 78

exp: 39512404 78 1 #EPN
201B/01 $018-11-16 $t13:49:10.000 
201U/01 $0utf8 
203@/01 $0791422690 
208@/01 $a12-11-16 $be 
209A/01 $a/ $f000 $x00 
220C/01 $aTitelaufnehmer: ej;gm 
244Z/01 $2Trx $#Prusy Wschodnie i Zachodnie $8--Trx--Ost- und Westpreußen $x01 $939113373X 
244Z/01 $2Trx $#arvustused $#recenzijos $#Reviews $#recenziók $#recenzje $#recenzie $#recenze $8--Trx--Rezensionen $x02 $9391357441 
247C/01 $82080>Marburg/Lahn, Herder-Institut, Forschungsbibliothek, Bibliographieportal $9336309341
LEADER 00000caa a22000002c 4500
001 395124042
003 DE-603
005 20210804210536.0
007 tu
008 161112s1999 xx |||| | u00||u|ger c
035 |a (DE-599)HEB395124042 
040 |a DE-603  |b ger  |c DE-603  |d DE-603 
041 |a ger 
082 0 4 |8 1\u  |a 900.94382  |q DE-101  |2 23/BSB 
084 |a 8,1  |2 ssgn 
085 |8 1\u  |b 900 
085 |8 1\u  |z 2  |s 4382 
085 |8 1\u  |z 2  |s 43832 
100 1 |a Kaim-Bartels, Astrid 
245 0 0 |a ˜Martens, Jürgen. Dieœ ländliche Gartensiedlung im mittelalterlichen Preußen. - Lüneburg : Verl. Nordostdt. Kulturwerk. - 1997 [Rezension] 
264 0 |c 1999 
773 0 8 |i In  |t Beiträge zur Geschichte Westpreußens  |d Münster, Westf. : Nicolaus-Copernicus-Verl., 1967-2008  |h 24 cm  |x 0341-9436  |g Band 16 (1999), Seite 276-278  |w (DE-603)046826319  |w (DE-600)731-6 
787 0 8 |i Rezension von  |a Martens, Jürgen  |t ˜Dieœ ländliche Gartensiedlung im mittelalterlichen Preußen  |d Lüneburg : Verl. Nordostdt. Kulturwerk, 1997  |h IX, 430 S., Ill.  |z 3922296939  |w (DE-603)056134355 
924 0 |9 2080  |a (DE-603)791422690  |b DE-2080  |c HES  |d d  |g /